Normal view
MARC view
- POLITICS OF NAWAZ SHARIF
Entry Topical Term
001 - CONTROL NUMBER
- control field: 58425
003 - CONTROL NUMBER IDENTIFIER
- control field: NUST
005 - DATE AND TIME OF LATEST TRANSACTION
- control field: 20210628202135.0
008 - FIXED-LENGTH DATA ELEMENTS
- fixed length control field: 210628|| aca||aabn | a|a d
040 ## - CATALOGING SOURCE
- Original cataloging agency: NUST
- Transcribing agency: NUST
150 ## - HEADING--TOPICAL TERM
- Topical term or geographic name entry element: POLITICS OF NAWAZ SHARIF
670 ## - SOURCE DATA FOUND
- Source citation: Work cat.: (NUST): Mushtaq Ahmad 3388, Nawaz sharif, politics of business, 2001
